Do current investments patterns satisfy future needs ? (Record no. 53210)

MARC details
000 -LEADER
fixed length control field 00421nam a2200145Ia 4500
100 ## - MAIN ENTRY--AUTHOR NAME
Personal name Leelaratne T P G N
245 #0 - TITLE STATEMENT
Title Do current investments patterns satisfy future needs ?
260 ## - PUBLICATION, DISTRIBUTION, ETC. (IMPRINT)
Name of publisher Bulletin of the Rubber Research Institute of Sri Lanka
Year of publication 1987
300 ## - PHYSICAL DESCRIPTION
Number of Pages 15-Jan
650 ## - SUBJECT ADDED ENTRY--TOPICAL TERM
Topical Term Latex crepe
650 ## - SUBJECT ADDED ENTRY--TOPICAL TERM
Topical Term Rubber production
650 ## - SUBJECT ADDED ENTRY--TOPICAL TERM
Topical Term Sri Lanka
942 ## - ADDED ENTRY ELEMENTS (KOHA)
Koha item type Journals
Holdings
Withdrawn status Lost status Damaged status Not for loan Home library Current library Shelving location Date acquired Serial Enumeration / chronology Koha item type
      Journals RRII Library RRII Library Rubber general 17/12/2021 Volume 25, Issue Journals